000 00575cam a22002291 4500
001 sa 68017018
003 DLC
005 20260227112659.0
008 890920s1967 ii b 000 0 urdr
010 _asa 68017018
035 _a(OCoLC)20373239
040 _aDLC
_cWaU
_dDLC
042 _apremarc
050 0 0 _aPK2198.R3
_bZ78
100 0 _aNaiyer Masud.
245 0 0 _aRajab ʻAlī Beg Surūr.
260 _a[Lucknow,
_c1967]
300 _a439 p.
_c22 cm.
500 _aIn Urdu.
504 _aBibliography: p. 421-428.
600 0 0 _aRajab Ali Beg,
_c1787 (ca.)-1867.
999 _c87471
_d87471